[Event "Mittelrhein Regionalliga 1314"]
[Site "Mittelrhein"]
[Date "2013.09.15"]
[Round "1.6"]
[White "Rezazadeh, Mohammad"]
[Black "Beume, Torsten"]
[Result "1/2-1/2"]
[WhiteElo "2054"]
[BlackElo "1846"]
[PlyCount "24"]
[EventDate "2013.09.15"]
[EventType "team-tourn"]
[EventRounds "11"]
[EventCountry "GER"]
[SourceTitle "EXT 2023"]
[Source "ChessBase"]
[SourceDate "2022.10.05"]
[SourceVersion "1"]
[SourceVersionDate "2022.10.05"]
[SourceQuality "1"]
[WhiteTeam "Aachen DJK Aufwaerts II"]
[BlackTeam "Gruenfeld"]
[WhiteTeamCountry "GER"]
[BlackTeamCountry "GER"]

1. Nc3 d5 2. e4 dxe4 3. Nxe4 Nf6 4. Nxf6+ gxf6 5. d4 c6 6. g3 Bf5 7. Bg2 Na6 8. c3 Nc7 9. Nf3 Qd7 10. Qb3 0-0-0 11. Qxf7 Nd5 12. Nh4 Be6 1/2-1/2